| 000 | 00343nam a2200145Ia 4500 | ||
|---|---|---|---|
| 008 | 191201s1994 xx 000 0 und d | ||
| 082 |
_a677.024 _bSIM |
||
| 100 | _aSINGH, R B | ||
| 245 | 0 | _aModern Weaving Calculation | |
| 250 | _a1st | ||
| 260 |
_aN.Delhi _bMahajan Brother _c1994 |
||
| 300 | _a109 | ||
| 650 | _aB.Tech(TE) | ||
| 942 |
_2ddc _cBK |
||
| 999 |
_c2229 _d2229 |
||